=LDR 00000nam 2200000 4500 =001 INLIS000000000025830 =005 20240517094335 =035 ##$$a 0010-061300000025830 =008 240517###########################0#ind## =041 ##$$a Ind =082 ##$$a From k =090 ##$$a From k, She e =245 1#$$a 5 menit dongeng kelinci, sebelum tidur jilid 6 /$c Sally Sheringham dan Joan Stimson =260 ##$$a Jakarta :$b Binarupa Aksara,$c 1994 =300 ##$$a 21 hlm, : $b ilus. ; $c 29 cm =650 #4$$a Dongeng =850 ##$$a NBPNMAT =084 ##$$a From k SAL l =100 #$$a Sally Sheringham =700 #$$a Joan Stimson =990 ##$$a 1037865 =990 ##$$a 1037864